000 00499nmm a2200169Ia 4500
008 251105s9999||||xx |||||||||||||||||und||
020 _a8489564310
041 _aspa
100 _aAlonso, Jesús
245 0 _aPreston Sturges. :
_b Un espíritu burlón
264 _a[Madrid, España] :
_bEdiciones JC Clementine,
_c2003
300 _a192 páginas
490 _aColección Directores de cine
650 _aFilm studies
856 _uhttps://public.digitaliapublishing.com/a/17826
942 _cCF
999 _c73897
_d73897